Земля. Её внешняя форма и внутреннее строение; Сб. 2; Новые идеи в астрономии; Внешняя форма и внутреннее строение Земли по геодезическим и астрономическим наблюдениям; Внутреннее строение Земли по данным астрономии, физики и геологии; Упругость земного шара в связи с приливами и отливами земной коры; Изменение фигуры Земли под действием деформирующих сил; Геодинамика и фигура Земли; Изучение Земли
| Parent link: | Новые идеи в астрономии: сборник/ под ред. А. А. Иванова.— непереодическое издание.— , 1913-1915 |
|---|---|
| اللغة: | الروسية |
| منشور في: |
Санкт-Петербург, Книгоиздательство "Образование", 1913
|
| TOC: | Внешняя форма и внутреннее строение Земли по геодезическим и астрономическим наблюдениям; Внутреннее строение Земли по данным астрономии, физики и геологии; Упругость земного шара в связи с приливами и отливами земной коры; Изменение фигуры Земли под действием деформирующих сил; Геодинамика и фигура Земли; Изучение Земли; |
| الموضوعات: | |
| التنسيق: | كتاب |
| KOHA link: | https://koha.lib.tpu.ru/cgi-bin/koha/opac-detail.pl?biblionumber=336733 |
MARC
| LEADER | 00000nam2a2200000 4500 | ||
|---|---|---|---|
| 001 | 336733 | ||
| 005 | 20231101031749.0 | ||
| 035 | |a (RuTPU)RU\TPU\book\363185 | ||
| 035 | |a RU\TPU\book\363174 | ||
| 090 | |a 336733 | ||
| 100 | |a 20171023d1913 m y0rusy50 ca | ||
| 101 | 1 | |a rus | |
| 102 | |a RU | ||
| 105 | |a a z 000zy | ||
| 200 | 1 | |a Земля. Её внешняя форма и внутреннее строение |h Сб. 2 | |
| 210 | |a Санкт-Петербург |c Книгоиздательство "Образование" |d 1913 | ||
| 215 | |a [2], 154 с. |c ил. | ||
| 461 | 1 | |0 (RuTPU)RU\TPU\book\363164 |t Новые идеи в астрономии |o сборник |f под ред. А. А. Иванова |e непереодическое издание |d 1913-1915 | |
| 464 | |t Внешняя форма и внутреннее строение Земли по геодезическим и астрономическим наблюдениям | ||
| 464 | |t Внутреннее строение Земли по данным астрономии, физики и геологии | ||
| 464 | |t Упругость земного шара в связи с приливами и отливами земной коры | ||
| 464 | |t Изменение фигуры Земли под действием деформирующих сил | ||
| 464 | |t Геодинамика и фигура Земли | ||
| 464 | |t Изучение Земли |a Ле Пеж, 0 | ||
| 610 | 1 | |a астрономия | |
| 610 | 1 | |a Земной шар | |
| 610 | 1 | |a строение Земли | |
| 610 | 1 | |a физика | |
| 610 | 1 | |a геология | |
| 610 | 1 | |a земная кора | |
| 801 | 1 | |a RU |b 63413507 |c 20171023 | |
| 801 | 2 | |a RU |b 63413507 |c 20171023 |g RCR | |
| 942 | |c BK | ||